<?xml version="1.0" encoding="UTF-8"?>
<record
    xmlns:xsi="http://www.w3.org/2001/XMLSchema-instance"
    xsi:schemaLocation="http://www.loc.gov/MARC21/slim http://www.loc.gov/standards/marcxml/schema/MARC21slim.xsd"
    xmlns="http://www.loc.gov/MARC21/slim">

  <leader>04225nam a22005297a 4500</leader>
  <controlfield tag="001">16699341</controlfield>
  <controlfield tag="003">OSt</controlfield>
  <controlfield tag="005">20240202101409.0</controlfield>
  <controlfield tag="008">240201b        |||||||| |||| 00| 0 eng d</controlfield>
  <datafield tag="010" ind1=" " ind2=" ">
    <subfield code="a">  2011011654</subfield>
  </datafield>
  <datafield tag="020" ind1=" " ind2=" ">
    <subfield code="a">9780813820187 (hardcover : alk. paper)</subfield>
  </datafield>
  <datafield tag="020" ind1=" " ind2=" ">
    <subfield code="a">0813820189</subfield>
  </datafield>
  <datafield tag="020" ind1=" " ind2=" ">
    <subfield code="a">9780470961001 (ePDF)</subfield>
  </datafield>
  <datafield tag="020" ind1=" " ind2=" ">
    <subfield code="a">0470961007 (ePDF)</subfield>
  </datafield>
  <datafield tag="020" ind1=" " ind2=" ">
    <subfield code="a">9780470961018 (ePub)</subfield>
  </datafield>
  <datafield tag="020" ind1=" " ind2=" ">
    <subfield code="a">0470961015 (ePub)</subfield>
  </datafield>
  <datafield tag="020" ind1=" " ind2=" ">
    <subfield code="a">9780470961025 (Mobi)</subfield>
  </datafield>
  <datafield tag="020" ind1=" " ind2=" ">
    <subfield code="a">0470961023 (Mobi)</subfield>
  </datafield>
  <datafield tag="040" ind1=" " ind2=" ">
    <subfield code="a">DNLM/DLC</subfield>
    <subfield code="c">KMU</subfield>
    <subfield code="d">KMU</subfield>
    <subfield code="e">rda</subfield>
    <subfield code="b">eng</subfield>
  </datafield>
  <datafield tag="050" ind1="0" ind2="0">
    <subfield code="a">SF 997.5.F47</subfield>
  </datafield>
  <datafield tag="245" ind1="0" ind2="0">
    <subfield code="a">Blackwell's five-minute veterinary consult :</subfield>
    <subfield code="b">Small mammal /</subfield>
    <subfield code="c">editor, Barbara L. Oglesbee.</subfield>
  </datafield>
  <datafield tag="246" ind1="3" ind2="0">
    <subfield code="a">Five-minute veterinary consult</subfield>
  </datafield>
  <datafield tag="250" ind1=" " ind2=" ">
    <subfield code="a">2nd ed.</subfield>
  </datafield>
  <datafield tag="260" ind1=" " ind2=" ">
    <subfield code="a">Chichester, West Sussex :</subfield>
    <subfield code="b">Wiley-Blackwell,</subfield>
    <subfield code="c">2011.</subfield>
  </datafield>
  <datafield tag="300" ind1=" " ind2=" ">
    <subfield code="a">xix, 692 p. :</subfield>
    <subfield code="c">29 cm.</subfield>
  </datafield>
  <datafield tag="490" ind1="1" ind2=" ">
    <subfield code="a">Five minute veterinary consult</subfield>
  </datafield>
  <datafield tag="500" ind1=" " ind2=" ">
    <subfield code="a">Rev. ed. of: 5-minute veterinary consult : ferret and rabbit. 1st ed. 2006.</subfield>
  </datafield>
  <datafield tag="504" ind1=" " ind2=" ">
    <subfield code="a">Includes bibliographical references and index.</subfield>
  </datafield>
  <datafield tag="505" ind1="0" ind2=" ">
    <subfield code="a">Contributors -- Preface -- Acknowledgments -- Topic -- Section I: Chinchillas -- Alopecia -- Anorexia and Pseudoanorexia -- Antibiotic-Associated Enterotoxemia -- Constipation (Lack of Fecal Production). Dental Malocclusion -- Dermatophytosis -- Diarrhea -- Dyspnea and Tachypnea -- Dystocia and Disorders of Pregnancy -- Dysuria, Hematuria, and Pollakiuria -- Gastrointestinal Stasis and Dilation -- Giardiasis -- Nasal Discharge and Sneezing -- Otitis Media and Interna -- Polyuria and Polydipsia -- Weight Loss and Cachexia -- Section II: Ferrets -- Adrenal Disease (Hyperadrenocorticism). Aleutian Disease Virus (Parvovirus). Alopecia -- Anorexia -- Ascites -- Ataxia -- Bradyarrhythmias -- Campylobacteriosis -- Canine Distemper Virus -- Cardiomyopathy, Dilated -- Cardiomyopathy, Hypertrophic -- Chordomas -- Clostridial Enterotoxicosis -- Coccidiosis -- Congestive Heart Failure -- Cough -- Cryptosporidiosis -- Dermatophytosis -- Diabetes Mellitus -- Diarrhea -- Disseminated Idiopathic Myofasciitis -- Dyschezia and Hematochezia -- Dysphagia -- Dyspnea and Tachypnea -- Dystocia and Fetal Death -- Dysuria and Pollakiuria -- Ear Mites -- Eosinophillic Gastroenteritis -- Epizootic Catarrhal Enteritis -- Fleas and Flea Infestation -- Ferret Systemic Coronavirus -- Gastritis -- Gastroduodenal Ulcers -- Gastrointestinal and Esophageal Foreign Bodies -- Giardiasis -- Gingivitis and Periodontal Disease, Heartworm Disease -- Helicobacter Mustelae -- Hepatomegaly -- Hydronephrosis -- Hyperestrogenism -- Hypersplenism -- Hypoglycemia -- Inflammatory Bowel Disease -- Influenza Virus -- Insulinoma -- Lower Urinary Tract Infection -- Lymphadenopathy (Lymphadenomegaly). Lymphoplasmacytic Enteritis and Gastroenteritis -- Lymphosarcoma -- Mast Cell Tumor -- Mastitis -- Megaesophagus -- Melena -- Multiple Myeloma -- Nasal Discharge (Sneezing, Gagging). Neoplasia, Digestive System -- Neoplasia, Integumentary -- Neoplasia, Musculoskeletal and Nervous System -- Obesity -- Otitis Externa and Media -- Paraurethral Cysts (Urogenital Cystic Disease). Paresis and Paralysis -- Petechia/Ecchymosis/Bruising -- Pleural Effusion -- Pneumon.</subfield>
  </datafield>
  <datafield tag="650" ind1=" " ind2="0">
    <subfield code="a">Ferret</subfield>
    <subfield code="x">Diseases</subfield>
    <subfield code="v">Handbooks, manuals, etc.</subfield>
  </datafield>
  <datafield tag="650" ind1=" " ind2="0">
    <subfield code="a">Rabbits</subfield>
    <subfield code="x">Diseases</subfield>
    <subfield code="v">Handbooks, manuals, etc.</subfield>
  </datafield>
  <datafield tag="650" ind1=" " ind2="0">
    <subfield code="a">Veterinary medicine</subfield>
    <subfield code="v">Handbooks, manuals, etc.</subfield>
  </datafield>
  <datafield tag="650" ind1="1" ind2="2">
    <subfield code="a">Animal Diseases</subfield>
    <subfield code="v">Handbooks.</subfield>
  </datafield>
  <datafield tag="650" ind1="1" ind2="2">
    <subfield code="a">Ferrets</subfield>
    <subfield code="v">Handbooks.</subfield>
  </datafield>
  <datafield tag="650" ind1="2" ind2="2">
    <subfield code="a">Pets</subfield>
    <subfield code="v">Handbooks.</subfield>
  </datafield>
  <datafield tag="650" ind1="2" ind2="2">
    <subfield code="a">Rabbits</subfield>
    <subfield code="v">Handbooks.</subfield>
  </datafield>
  <datafield tag="650" ind1="2" ind2="2">
    <subfield code="a">Rodentia</subfield>
    <subfield code="v">Handbooks.</subfield>
  </datafield>
  <datafield tag="700" ind1="1" ind2=" ">
    <subfield code="a">Oglesbee, Barbara L.</subfield>
  </datafield>
  <datafield tag="700" ind1="1" ind2=" ">
    <subfield code="a">Oglesbee, Barbara L.</subfield>
    <subfield code="t">5-minute veterinary consult.</subfield>
  </datafield>
  <datafield tag="830" ind1=" " ind2="0">
    <subfield code="a">Five minute veterinary consult.</subfield>
  </datafield>
  <datafield tag="856" ind1="4" ind2="2">
    <subfield code="3">Contributor biographical information</subfield>
    <subfield code="u">http://catdir.loc.gov/catdir/enhancements/fy1114/2011011654-b.html</subfield>
  </datafield>
  <datafield tag="856" ind1="4" ind2="2">
    <subfield code="3">Publisher description</subfield>
    <subfield code="u">http://catdir.loc.gov/catdir/enhancements/fy1114/2011011654-d.html</subfield>
  </datafield>
  <datafield tag="856" ind1="4" ind2="1">
    <subfield code="3">Table of contents only</subfield>
    <subfield code="u">http://catdir.loc.gov/catdir/enhancements/fy1114/2011011654-t.html</subfield>
  </datafield>
  <datafield tag="906" ind1=" " ind2=" ">
    <subfield code="a">7</subfield>
    <subfield code="b">cbc</subfield>
    <subfield code="c">orignew</subfield>
    <subfield code="d">1</subfield>
    <subfield code="e">ecip</subfield>
    <subfield code="f">20</subfield>
    <subfield code="g">y-gencatlg</subfield>
  </datafield>
  <datafield tag="942" ind1=" " ind2=" ">
    <subfield code="2">lcc</subfield>
    <subfield code="c">BK</subfield>
    <subfield code="n">0</subfield>
  </datafield>
  <datafield tag="999" ind1=" " ind2=" ">
    <subfield code="c">944</subfield>
    <subfield code="d">944</subfield>
  </datafield>
  <datafield tag="952" ind1=" " ind2=" ">
    <subfield code="0">0</subfield>
    <subfield code="1">0</subfield>
    <subfield code="2">lcc</subfield>
    <subfield code="4">0</subfield>
    <subfield code="7">0</subfield>
    <subfield code="8">NFIC</subfield>
    <subfield code="a">CPL</subfield>
    <subfield code="b">CPL</subfield>
    <subfield code="c">OA</subfield>
    <subfield code="d">2024-02-01</subfield>
    <subfield code="e">Book Aid International</subfield>
    <subfield code="l">0</subfield>
    <subfield code="o">SF 997.5.F47 BLA</subfield>
    <subfield code="p">749293</subfield>
    <subfield code="r">2024-02-01 00:00:00</subfield>
    <subfield code="w">2024-02-01</subfield>
    <subfield code="y">BK</subfield>
  </datafield>
</record>
